Countries Where Everyone Is Going to Outlive You Quiz Stats

 Plays Quiz Updated Nov 9, 2016

Also try: Killer Countries
Challenge
Share
Tweet
Embed
Score 0/24 Timer 05:00
0 Plays Today
Letter Country % Correct
JJapan
88.9%
FFrance
87.3%
UUnited Kingdom
86.5%
DDenmark
83.6%
GGermany
83.2%
CCanada
82.5%
YYemen
77.7%
QQatar
76.8%
ZZimbabwe
75.3%
IIceland
73.5%
OOman
71.7%
BBelgium
69%
Letter Country % Correct
NNorway
66.9%
PPortugal
64.8%
VVenezuela
62.6%
HHungary
59.3%
AAndorra
58.5%
MMonaco
58%
LLuxembourg
55.5%
RRomania
47.7%
EEcuador
38.6%
SSingapore
38.3%
KKuwait
36.4%
TTaiwan
32.7%

You're not logged in!

Compare scores with friends on all Sporcle quizzes.
OR
Log In

You Might Also Like...

Show Comments

Extras

Top Quizzes Today


Score Distribution

Your Account Isn't Verified!

In order to create a playlist on Sporcle, you need to verify the email address you used during registration. Go to your Sporcle Settings to finish the process.

Report this User

Report this user for behavior that violates our Community Guidelines.

Details: